Temas contables fundamentales (Registro nro. 1754)

Detalles MARC
000 -LEADER
fixed length control field 01057 a2200217 4500
001 - CONTROL NUMBER
control field 28933
005 - DATE AND TIME OF LATEST TRANSACTION
control field 20260407155558.0
008 - FIXED-LENGTH DATA ELEMENTS--GENERAL INFORMATION
fixed length control field 260407a1990 arg spa d
003 - CONTROL NUMBER IDENTIFIER
control field AR-UNSa-BCEJYS
040 ## - CATALOGING SOURCE
Original cataloging agency AR-UNSa-BCEJYS
Language of cataloging spa
Transcribing agency AR-UNSa-BCEJYS
080 ## - UNIVERSAL DECIMAL CLASSIFICATION NUMBER
Universal Decimal Classification number 657
Common auxiliary subdivision Contabilidad
100 1# - MAIN ENTRY--PERSONAL NAME
Personal name Ostengo, Héctor Carlos
245 10 - TITLE STATEMENT
Title Temas contables fundamentales
264 #1 - PRODUCTION, PUBLICATION, DISTRIBUTION, MANUFACTURE, AND COPYRIGHT NOTICE
Place of production, publication, distribution, manufacture San Miguel de Tucumán :
Name of producer, publisher, distributor, manufacturer Ediciones El Graduado
Date of production, publication, distribution, manufacture, or copyright notice 1990
300 ## - PHYSICAL DESCRIPTION
Extent 225 p.
Dimensions 22 cm.
505 ## - FORMATTED CONTENTS NOTE
Formatted contents note Parte I: Comportamiento de las partidas activas y pasivas - Parte II: El valor actualizado en las partidas - Parte III: Homogeneización de la Unidad de medida - Parte IV: La homogeneización de la Unidad de medida para obtener la performance de las partidas activas y pasivas - Parte V: Ejemplo de performances de partidas activas y pasivas - Parte VI: Secuencia sugerida para obtención del resultado en un esquema en moneda homgénea.
590 ## - LOCAL NOTE (RLIN)
Local note niveau_biblio:m niveau_hierar:0
700 1# - ADDED ENTRY--PERSONAL NAME
Personal name Norton de Ostengo, María R.
700 1# - ADDED ENTRY--PERSONAL NAME
Personal name Marchese, Domingo M.
942 ## - ADDED ENTRY ELEMENTS (KOHA)
Koha item type
Existencias
Withdrawn status Lost status Damaged status Not for loan Home library Current library Shelving location Date acquired Total checkouts Full call number Barcode Date last seen Price effective from Koha item type
        Biblioteca Prof. Eusebio Cleto del Rey Biblioteca Prof. Eusebio Cleto del Rey   07/04/2026   657 O85 L65047 07/04/2026 07/04/2026 Libro
        Biblioteca Prof. Eusebio Cleto del Rey Biblioteca Prof. Eusebio Cleto del Rey   07/04/2026   657 O85 L58733 07/04/2026 07/04/2026 Libro